|
|
|
|
| LEADER |
00000nam0a2200000 4500 |
| 001 |
21538 |
| 005 |
20231101205433.0 |
| 010 |
|
|
|a 5060029611
|
| 035 |
|
|
|a (RuTPU)RU\TPU\book\21742
|
| 035 |
|
|
|a BOOK00006435
|
| 090 |
|
|
|a 21538
|
| 100 |
|
|
|a 20011209d1993 m y0rusy50 ca
|
| 101 |
0 |
|
|a rus
|a eng
|
| 102 |
|
|
|a RU
|
| 105 |
|
|
|a y j 000zy
|
| 200 |
1 |
|
|a Учись читать литературу по специальности
|e учебное пособие по английскому языку для технических вузов
|f В. А. Судовцев, Г. В. Богданова
|
| 205 |
|
|
|a 2-изд., перераб. и доп.
|
| 210 |
|
|
|a Москва
|c Высшая школа
|d 1993
|
| 215 |
|
|
|a 176 с.
|
| 606 |
1 |
|
|a Английский язык
|x Учебные руководства и пособия
|x Пособия по развитию речи, разговорники
|2 stltpush
|3 (RuTPU)RU\TPU\subj\29074
|9 52486
|
| 610 |
1 |
|
|a чтение
|
| 610 |
1 |
|
|a техническая литература
|
| 610 |
1 |
|
|a научная литература
|
| 610 |
1 |
|
|a электросвязь
|
| 610 |
1 |
|
|a телеграфы
|
| 610 |
1 |
|
|a телефоны
|
| 610 |
1 |
|
|a электричество
|
| 610 |
1 |
|
|a радио
|
| 686 |
|
|
|a Ш143.21-923.4
|v LBC/SL-A
|2 rubbk
|
| 700 |
|
1 |
|a Судовцев
|b В. А.
|g Владимир Антонович
|
| 701 |
|
1 |
|a Богданова
|b Г. В.
|g Галина Васильевна
|
| 801 |
|
0 |
|a RU
|b 63413507
|c 20011209
|g PSBO
|
| 801 |
|
2 |
|a RU
|b 63413507
|c 20200828
|g PSBO
|
| 942 |
|
|
|c BK
|